000 00798nam a2200253Ia 4500
003 OSt
005 20221005084848.0
006 a|||||r|||| 00| 0
007 ta
008 221004b |||||||| |||| 00| 0 eng d
020 _a9781107020245
_c795
024 _a115785
037 _b186/2011-12, 17/02/2012, Pioneer Books Distributors
_cTextual
040 _aCRL
_cCRL
_beng
041 _2eng
_aeng
082 _aU42.4'N7, Q1
100 _aAmrith Sunil S.
_9249800
245 0 _aMigration and diaspora in modern Asia
260 _aNew York
_bCambridge University Press U.S.A
_c2011
300 _axviii, 217p.
_ccm.
650 _aGEOGRAPHY
942 _hU42.4'N7, Q1
_cTEXL
_2cc
999 _c993248
_d993248